Trh práce

Zmeny v zamestnanosti po roku 1990 a vývoj na trhu práce. Špecifiká českého trhu práce. Analýza hlavných problémov a ich nepriaznivého vplyvu na vývoj trhu práce.

Salvato in:
Dettagli Bibliografici
Autore principale: Jírová, Hana
Natura: Capitolo di libro
Lingua:ceco
Soggetti:
Tags: Aggiungi Tag
Nessun Tag, puoi essere il primo ad aggiungerne!!

MARC

LEADER 00000naa a2200000 4500
001 r033974
005 20230929091135.0
041 0 |a cze 
044 |a CZ 
245 1 0 |a Trh práce  |c Hana Jírová 
520 |a Zmeny v zamestnanosti po roku 1990 a vývoj na trhu práce. Špecifiká českého trhu práce. Analýza hlavných problémov a ich nepriaznivého vplyvu na vývoj trhu práce. 
610 2 0 |a trh práce 
610 2 0 |a nezamestnanosť 
610 2 0 |a transformácia 
610 2 0 |a regióny 
610 2 0 |a politika sociálna 
610 2 0 |a politika zamestnanosti 
610 2 0 |a zamestnávatelia 
610 2 0 |a Česko 
100 1 |a Jírová, Hana